BTS Nicknames - Statistics

General Stats
  • This quiz has been taken 240 times
  • The average score is 3 of 7
Answer Stats
Member Answer % Correct
Jin World Wide Handsome
68%
J-Hope Hobi
59%
V Taetae
53%
Jimin Mochi
48%
RM Joonie
43%
Jungkook Golden Maknae
40%
Suga Lil Meow Meow
36%
No matching quizzes found
Score Distribution
Percent of People with Each Score
Percentile by Number Answered
Your Score History
You have not taken this quiz